000 00574nam a2200181Ia 4500
003 LDD
008 190117s9999 xx 000 0 und d
020 _a8171190375
_c₹30
040 _cLDD
041 _ahi
082 _a8H3.7 भं3616 म-8
100 _aभण्डारी, मन्नू
245 0 _aमन्नू भण्डारी
_bश्रेष्ठ कहानियाँ
_cमन्नू भण्डारी
250 _a8सं.
260 _aनई दिल्ली
_bअक्षर
_c1987
300 _a152पृ.
942 _2ddc
_cH
999 _c165246
_d165246